Rahsia khusyuk berdoa : Punca penyebab doa tertolak serta syarat terkabulnya doa

Bibliographic Details
Other Authors: A. Yazid
Format: Book
Published: Kuala Lumpur : Berlian Publication , 2005
Subjects:

MARC

LEADER 00000cam a2200000 7i4500
001 0000013925
005 20080212.0
008 080212
020 |a 9839045423 
090 0 0 |a 297.43   |b RAH 
245 1 0 |a Rahsia khusyuk berdoa :   |b Punca penyebab doa tertolak serta syarat terkabulnya doa   |c Penyusun A. Yazid 
260 |a Kuala Lumpur :   |b Berlian Publication ,   |c 2005 
650 0 |a Prayer   |x Islam 
700 0 |a A. Yazid 
999 |a 0001008675   |b Book   |c Adult Collection   |e Perbadanan Perpustakaan Awam Johor 
999 |a 0001008676   |b Book   |c Adult Collection   |e Perbadanan Perpustakaan Awam Johor 
999 |a 0001008677   |b Book   |c Adult Collection   |e Perbadanan Perpustakaan Awam Johor